00637nam a2200157Ia 450000500170000000800410001708200150005810000180007324501000009126000500019130000120024150001080025394200060036195200970036799900150046420250704022028.0240331s9999 xx 000 0 und d a303.6bLIY aLiyanagame, A 0aLanka ethihasaye madyathana yugaye ena Keralayo prathivirudda avastha dekak pilibanda adyanayak aColombobSocial Scientist's Associationc1994 a24 p., aTranslation by the author of "Keralas in Medieval Sri Lankan History. A study of two Contrasting Roles" cL 001040708LaWERCLbWERCLcSSCd2024-03-31l0o 303.6 LIYp4039r2024-03-31w2024-03-31yL c1280d1280